Normal view
MARC view
- علاونة،شريف راغب
Entry Personal Name
001 - CONTROL NUMBER
- control field: 24667
003 - CONTROL NUMBER IDENTIFIER
- control field: JO-AjAnu
005 - DATE AND TIME OF LATEST TRANSACTION
- control field: 20230606074227.0
008 - FIXED-LENGTH DATA ELEMENTS
- fixed length control field: 230606|| aca||aabn | a|a d
040 ## - CATALOGING SOURCE
- Original cataloging agency: JO-AjAnu
- Transcribing agency: JO-AjAnu
100 ## - HEADING--PERSONAL NAME
- Personal name: علاونة،شريف راغب
670 ## - SOURCE DATA FOUND
- Source citation: Work cat.: (JO-AjAnu)12690: علاونة،شريف راغب, author, ثلاثة شعراء مقلون:مالك بن حريم الهمداني(من مخضرمي الجاهلية والإسلام) عدي بن حاتم الطائي(من مخضرمي الجاهلية والإسلام) جعفر بن علبة الحارثي(من مخضرمي الدولتين الأموية والعباسية)